The Roots Discography - Statistics

General Stats
  • This quiz has been taken 5 times
  • The average score is 7 of 20
Answer Stats
Year Name Type % Correct
2011 Undun Album
100%
2014 ...And Then You Shoot Your Cousin Album
67%
2006 Game Theory Album
67%
2010 How I Got Over Album
67%
1993 Organix Album
67%
2002 Phrenology Album
67%
1999 Things Fall Apart Album
67%
1994 Do You Want More?!!!??! Album
33%
1996 Illadelph Halflife Album
33%
2008 Rising Down Album
33%
1999 The Roots Come Alive Live Album
33%
2004 The Tipping Point Album
33%
2013 Wise Up Ghost Album (Collab)
33%
2011 Betty Wright: The Movie Album (Collab)
0%
1994 From the Ground Up EP
0%
2005 Home Grown! The Beginners Guide to Understanding the Roots, Vol. 1 Compilation
0%
2005 Home Grown! The Beginners Guide to Understanding the Roots, Vol. 2 Compilation
0%
2004 Nagoya Blue Note: Live In Japan Live Album
0%
1999 The Legendary EP
0%
2010 Wake Up! Album (Collab)
0%
No matching quizzes found
Score Distribution
Percent of People with Each Score
Percentile by Number Answered
Your Score History
You have not taken this quiz